[Event "54th Capablanca Memorial 2019"]
[Site "Havana"]
[Date "2019.05.11"]
[Round "8.2"]
[White "Ivanchuk, Vassily"]
[Black "Albornoz Cabrera, Carlos Daniel"]
[Result "1-0"]
[WhiteElo "2677"]
[BlackElo "2566"]
[Annotator "TA"]
[PlyCount "79"]
[EventDate "2019.05.03"]
[EventType "tourn"]
[EventCountry "CUB"]
[SourceTitle "playchess.com"]
[Source "ChessBase"]
[SourceQuality "1"]

{[%evp 18,79,21,28,34,33,27,22,50,50,50,48,53,52,57,60,58,43,43,40,38,48,63,59,58,43,41,12,67,73,73,47,141,141,134,138,128,131,198,202,256,252,263,259,249,243,235,255,250,245,310,310,287,295,346,352,354,362,328,323,335,320,282,262]} 1. e4 c5 2. Nf3 Nc6 3. Nc3 e5 4. Bc4 Be7 5. d3 d6 6. Nd2 Nf6 7. Nf1 Bg4 8. f3 Be6 9. Ne3 O-O 10. O-O Nd7 {B30: Sicilian: 2...Nc6 3 Bb5, lines without ...g6} (10... Nh5 11. g3 Bg5 12. Ncd5 Bxe3+ 13. Bxe3 Ne7 14. Bg5 Bxd5 15. Bxd5 h6 16. Bxe7 Qxe7 17. f4 Nf6 18. Bb3 {½-½ (57) Bacrot,E (2725)-Yu,Y (2751) Riadh 2017}) 11. Ned5 Nb6 12. Nxb6 axb6 {The position is equal.} 13. a3 $146 ({Predecessor:} 13. Nd5 Kh8 14. c3 Na5 15. f4 Nxc4 16. dxc4 f5 17. exf5 Rxf5 18. Qd3 {½-½ (57) Durarbayli,V (2596)-Belous,V (2557) Chicago 2016}) 13... Bg5 14. Bxg5 Qxg5 15. Qc1 Qd8 16. Qd2 Nd4 17. f4 exf4 18. Rxf4 Qg5 {White must now prevent ...Nf3+!} 19. Raf1 Bxc4 20. dxc4 Rae8 21. Qf2 {[%cal Rf4f7]} f6 22. Nd5 b5 (22... Ne6 $11) 23. c3 $36 {[%mdl 2048] White is really pushing.} Ne6 24. Rf3 Qe5 {[#]} (24... bxc4 $14 25. Rg3 Qe5) 25. Re1 $1 $16 {Strongly threatening Rf5.} ({Don't play} 25. cxb5 $6 Qxe4 26. Rd1 Ng5 $11) 25... Ng5 26. Rf5 Qe6 27. cxb5 Nxe4 (27... Qc8 $16 28. Qf4 Kh8) 28. Qf4 $18 Rf7 29. b6 {Threatens to win with Nc7.} g6 {[#]} 30. Rxe4 $1 {[%mdl 64] Remove Defender, Decoy} Qxe4 31. Nxf6+ Rxf6 32. Qxe4 Rxe4 33. Rxf6 {[%mdl 4096] Endgame KR-KR} Re1+ 34. Kf2 Rd1 35. Ke2 Rd5 36. Rf4 Re5+ 37. Kd3 d5 38. b4 {White has a decisive advantage.} cxb4 39. axb4 ({Weaker is} 39. cxb4 Re6 $16) 39... Re6 40. Kd4 {Accuracy: White = 78%, Black = 43%.} 1-0

[Event "54th Capablanca Memorial 2019"]
[Site "Havana"]
[Date "2019.05.11"]
[Round "8.3"]
[White "Adhiban, B.."]
[Black "Sevian, Samuel"]
[Result "1/2-1/2"]
[WhiteElo "2701"]
[BlackElo "2666"]
[Annotator "TA"]
[PlyCount "102"]
[EventDate "2019.05.03"]
[EventType "tourn"]
[EventCountry "CUB"]
[SourceTitle "playchess.com"]
[Source "ChessBase"]
[SourceQuality "1"]

{[%evp 9,102,-14,-9,-29,18,14,18,16,24,0,0,0,0,0,4,0,0,-2,0,0,0,0,0,-2,0,-6,0,-20,-24,-30,-22,-38,-45,-41,-47,-64,-66,-57,-50,-110,-117,-110,-60,-51,-49,-86,-75,-113,-81,-102,12,5,27,27,8,11,116,112,89,31,135,149,245,238,230,229,204,180,235,183,181,10,51,10,31,4,5,6,8,0,0,0,0,0,0,0,0,0,0,0,0,0,0,0,0]} 1. Nf3 d5 2. g3 Nf6 3. Bg2 c5 4. O-O Nc6 5. c4 d4 6. e3 $1 {A30: Symmetrical English: Double Fianchetto and Hedgehog} e6 7. d3 Bd6 8. exd4 cxd4 9. Na3 O-O 10. Nc2 e5 11. b4 {[%cal Bb2b4,Bb4b5][%mdl 32]} Re8 12. b5 Nb8 13. Bg5 Nbd7 14. Nd2 {[#]} Nc5 $146 ({Predecessor:} 14... Qc7 15. f4 exf4 16. Bxf4 {1-0 (28) Adhiban,B (2682)-Cheparinov,I (2711) Zagreb 2018}) 15. Ne4 Ncxe4 16. Bxe4 h6 $36 {[%mdl 2048] White is under pressure.} 17. Bxf6 $1 Qxf6 18. Qh5 Rb8 19. a4 a5 20. Rac1 Qg5 21. Qxg5 hxg5 22. Na1 Bb4 23. c5 Bh3 24. Rc4 (24. Rfd1 $15) 24... Bxf1 $17 25. Kxf1 Rbc8 26. Nb3 Re7 27. b6 g6 28. g4 Kg7 29. Ke2 Kf6 (29... Kf8 $17 {And now ...Rb8 would win.} 30. Kf3 Rb8) 30. c6 $11 bxc6 31. Rxc6+ Rxc6 32. Bxc6 {[%mdl 4096] Endgame KRB-KBN} Re6 (32... Kg7 $1 $11 {remains equal.}) 33. b7 $16 Bd6 {[#]} 34. Bd5 ({White should try} 34. Nc5 $1 $16 {[%mdl 512]} Bc7 (34... Bxc5 35. b8=Q) 35. Na6 (35. Nxe6 Kxe6 36. Kf3 Bd6 $14)) 34... Re8 (34... Re7 $1 $14) 35. Nxa5 Ke7 (35... Rd8 $16 36. Kf3 Rd7) 36. Nc6+ $18 Kd7 37. Bxf7 Rh8 38. Bd5 Bb8 (38... Kc7 {keeps fighting.}) 39. Be4 Kd6 40. Na5 $2 ({White should play} 40. a5 $18 Kc5 41. Kf3) 40... Kc5 41. Nc4 ({Don't play} 41. Bxg6 Kb6 $15) 41... Rxh2 42. Bxg6 e4 {The position is equal.} 43. Bxe4 Bg3 $1 44. Bg2 {[%mdl 64] Decoy} Rxg2 {[#]} 45. Kf3 $1 {[%mdl 576] Double Attack} Rg1 {White must now prevent ...Bf4.} 46. fxg3 $11 {KR-KN} Rb1 47. Na5 Kd5 48. Ke2 Rb2+ 49. Kf3 Rb6 50. Kg2 Rb2+ 51. Kf3 Rb6 {Accuracy: White = 45%, Black = 53%.} 1/2-1/2

[Event "54th Capablanca Memorial 2019"]
[Site "Havana"]
[Date "2019.05.12"]
[Round "9.1"]
[White "Adhiban, B.."]
[Black "Anton Guijarro, David"]
[Result "0-1"]
[WhiteElo "2701"]
[BlackElo "2667"]
[Annotator "TA"]
[PlyCount "102"]
[EventDate "2019.05.03"]
[EventType "tourn"]
[EventCountry "CUB"]
[SourceTitle "playchess.com"]
[Source "ChessBase"]
[SourceQuality "1"]

{[%evp 18,116,45,17,27,0,0,6,7,11,0,-50,-62,-66,-68,-60,-74,-68,-39,-60,-11,-85,-65,-61,-19,-31,0,-25,22,-16,-31,-60,-30,-101,-107,-256,-95,-154,-113,-164,-158,-158,-151,-150,-156,-201,-200,-205,-163,-238,-194,-227,-227,-226,-216,-295,-303,-391,-151,-156,-147,-493,-44,-566,-224,-439,-455,-672,-658,-645,-635,-802,-807,-1219,-1239,-1178,-1116,-937,-906,-782,-666,-2128,-4710,-4762,-2143,-4133,-2972,-3282,-2855,-4766,-4762,-4762,-4762,-4758,-4718,-4134,-3116,-2023,-1312,-893,-842]} 1. e4 e5 2. Nf3 Nc6 3. Bb5 a6 4. Ba4 Nf6 5. O-O Nxe4 6. d4 b5 7. Bb3 d5 8. dxe5 Be6 9. c3 Be7 10. Bf4 Nc5 {C83: Open Ruy Lopez: 9 c3 Be7} (10... O-O 11. Nd4 Nxd4 12. cxd4 f6 13. Nd2 fxe5 14. Bxe5 Nd6 15. Bc2 Qd7 16. Re1 Nc4 17. Nf3 Bg4 18. Qd3 {0-1 (44) Robson,R (2660)-Shankland,S (2671) Saint Louis 2018}) 11. Nd4 $146 ({Predecessor:} 11. Bc2 Bg4 12. h3 Bh5 13. g4 Bg6 14. Bxg6 fxg6 15. Bg3 Ne6 16. Nbd2 O-O 17. Nb3 Qd7 18. Nbd4 Ncxd4 19. Nxd4 {1-0 (51) Chirila,I (2422)-Prohaszka,P (2506) Szeged 2008}) 11... Nxd4 12. cxd4 Nxb3 {The position is equal.} 13. Qxb3 h5 14. Nd2 c5 15. Rfc1 c4 (15... cxd4 16. Nf3 $11) 16. Qd1 g5 17. Be3 Rc8 18. a3 a5 19. b4 (19. Nb1 $11) 19... axb4 20. axb4 g4 21. Ra7 Rc7 22. Rca1 O-O ({Of course not} 22... Bxb4 $6 23. Rxc7 Qxc7 24. Ra8+ (24. Qb1 Bxd2 25. Ra8+ Ke7 $16) 24... Bc8 25. Qb1 $16) 23. Bh6 Re8 $36 {[%mdl 2048] White is under pressure.} 24. Qc1 Bf5 ({Don't blunder} 24... Bxb4 $2 25. Rxc7 Bf8 26. Bxf8 $18) 25. Rxc7 (25. Nf1 $11 {remains equal.}) 25... Qxc7 $17 26. Nb3 (26. Nf1 $17 {was called for.}) 26... Bg6 $2 (26... Bxb4 $19 {has better winning chances.} 27. Qg5+ Bg6) 27. Bd2 (27. Nc5 $142) 27... Qb8 28. Na5 (28. Nc5 $17) 28... Qc8 29. Bc3 Kh7 30. Qe3 Bf8 31. Bd2 {[#]} f6 $1 {[%mdl 512]} 32. Re1 (32. exf6 Rxe3) 32... Qd7 {Threatens to win with ...fxe5.} 33. f4 (33. Qf4 $142) 33... Bh6 {...fxe5 is the strong threat.} 34. Qf2 fxe5 35. Rxe5 {intending f5.} Rf8 36. Qe1 {Black must now prevent Re7+.} Rf7 37. Re6 {And now f5! would win.} ({Reject} 37. f5 Bxf5 38. Bxh6 Kxh6 $19) 37... Bf5 $2 (37... Bg7 $19 38. Bc3 Rxf4) 38. Rb6 Bg7 39. Bc3 $2 {[%mdl 8192]} (39. Rb7 $17 {is tougher.} Bxd4+ 40. Be3 Bxe3+ 41. Qxe3) 39... Qe7 $2 (39... Re7 $19 40. Qh4 Qe8) 40. Nc6 $2 {[%mdl 8192]} (40. Qxe7 $15 Rxe7 41. Rxb5) 40... Qxe1+ 41. Bxe1 Rf6 {Black is clearly winning.} 42. Rxb5 (42. Bc3 $142) 42... Rxc6 $19 {[%mdl 64] Discovered Attack} 43. Rxd5 Kg6 44. Bc3 Ra6 45. Ra5 Rxa5 46. bxa5 Bc8 47. Kf2 Kf5 48. Ke3 h4 49. g3 h3 50. Bb4 Bb7 (50... Ke6 $142 51. Bc3 Kd5) 51. Bc5 Bf6 {Played: Bg7-h6} 0-1

[Event "54th Capablanca Memorial 2019"]
[Site "Havana"]
[Date "2019.05.12"]
[Round "9.2"]
[White "Sevian, Samuel"]
[Black "Ivanchuk, Vassily"]
[Result "1-0"]
[WhiteElo "2666"]
[BlackElo "2677"]
[Annotator "TA"]
[PlyCount "95"]
[EventDate "2019.05.03"]
[EventType "tourn"]
[EventCountry "CUB"]
[SourceTitle "playchess.com"]
[Source "ChessBase"]
[SourceQuality "1"]

{[%evp 20,95,28,8,33,44,37,14,11,6,28,22,25,21,18,22,27,27,21,11,37,42,35,33,63,62,55,58,60,53,53,49,53,58,69,70,121,121,129,114,128,128,133,56,64,80,201,194,312,279,348,344,421,419,403,413,421,421,417,404,398,297,258,192,588,282,282,281,588,588,29977,29979,29984,29985,29985,29985,29988,29989]} 1. e4 c5 2. Nf3 e6 3. d4 cxd4 4. Nxd4 Nf6 5. Nc3 Nc6 6. Nxc6 bxc6 7. e5 Nd5 8. Ne4 Qc7 9. f4 Qa5+ 10. Bd2 Qb6 11. Bd3 Rb8 {B45: Sicilian Four Knights} 12. Qe2 Nb4 $146 ({Predecessor:} 12... Be7 13. c4 f5 14. exf6 Nxf6 15. Nc3 O-O 16. Na4 Qa6 17. b3 c5 18. O-O Bb7 19. Rae1 {1-0 (42) Svidler,P (2672)-Lobron,E (2550) Frankfurt 2000}) 13. Be3 Nxd3+ {The position is equal.} 14. Qxd3 Qa5+ 15. Bd2 Qd5 16. b3 $36 {[%mdl 2048] White fights for an advantage.} Qxd3 17. cxd3 Be7 18. Be3 f5 19. Nd2 Ba6 20. Ke2 Rb7 21. Rac1 Kf7 22. Bc5 Rb5 23. Bxe7 (23. Bxa7 Ra8 $15) 23... Kxe7 24. h4 Rd5 25. Rc3 Rb8 26. Ke3 c5 27. Nc4 Bxc4 ({Black should try} 27... g6 $14) 28. bxc4 $14 {[%mdl 4096] Endgame KRR-KRR} ({Much worse is} 28. Rxc4 $6 a5 $11) ({Resist} 28. dxc4 $6 Rd4 $14) 28... Rd4 29. Rb3 Rxb3 30. axb3 $16 {Strongly threatening Ra1. KR-KR} d6 31. Ra1 (31. exd6+ $16 Rxd6 32. Ra1) 31... dxe5 $14 32. fxe5 Rd7 (32... Rg4 $16 {was worth a try.}) 33. Ra6 Rc7 (33... Rb7 $142 34. g3 h6) 34. Kd2 g6 35. Kc3 h6 36. b4 cxb4+ 37. Kxb4 Rd7 38. Kc3 g5 39. hxg5 hxg5 40. d4 f4 {Now ...g4 and Black clings on.} 41. c5 {[%cal Bc4c5,Bc5c6,Bc6c7][%mdl 32]} Rb7 $2 (41... g4 42. Kc4 Rc7) 42. Kc4 (42. c6 $142 Rc7 43. Kc4) 42... Rb2 $18 43. Rxa7+ Kd8 $2 {[#]} (43... Ke8 44. Ra8+ Ke7) 44. c6 $1 ({Less strong is} 44. Ra6 Kd7 $16) 44... Rxg2 45. d5 {White mates.} Rd2 46. c7+ Kc8 47. d6 Rc2+ 48. Kd3 {Accuracy: White = 75%, Black = 39%.} 1-0

[Event "54th Capablanca Memorial 2019"]
[Site "Havana"]
[Date "2019.05.12"]
[Round "9.3"]
[White "Albornoz Cabrera, Carlos Daniel"]
[Black "Gonzalez Vidal, Yuri"]
[Result "1/2-1/2"]
[WhiteElo "2566"]
[BlackElo "2567"]
[Annotator "TA"]
[PlyCount "79"]
[EventDate "2019.05.03"]
[EventType "tourn"]
[EventCountry "CUB"]
[SourceTitle "playchess.com"]
[Source "ChessBase"]
[SourceQuality "1"]

{[%evp 15,16,26,18]} 1. e4 e5 2. Nf3 Nc6 3. Bb5 a6 4. Ba4 Nf6 5. O-O Be7 6. Re1 b5 7. Bb3 d6 8. c3 O-O {Predecessor:} 9. h3 $146 Bb7 10. d4 Re8 11. a3 (11. Ng5 Rf8 12. Nf3 Re8 13. Nbd2 Bf8 14. a3 g6 15. Ba2 Bg7 16. b4 exd4 17. cxd4 a5 18. Rb1 axb4 19. d5 Ne5 20. Nxe5 dxe5 21. Rxb4 c6 22. dxc6 Bxc6 23. Qf3 Bf8 24. Rb1 {1-0 (33) Topalov,V (2740)-Mamedyarov,S (2790) Shamkir 2019}) 11... h6 12. Nbd2 Bf8 13. Bc2 Nb8 14. b3 Nbd7 15. Bb2 g6 16. a4 Bg7 17. Bd3 c6 18. Qc2 Nh5 19. Bf1 Nf4 20. b4 Rc8 21. dxe5 Nxe5 22. Nxe5 Bxe5 23. Nf3 Bg7 24. c4 Bxb2 25. Qxb2 c5 26. Nd2 bxc4 27. bxc5 c3 28. Qxc3 Rxc5 29. Qe3 Qf6 30. g3 Ne6 31. Rac1 h5 32. h4 Rxc1 33. Rxc1 Nc5 34. Bg2 a5 35. Nc4 Bxe4 36. Nxd6 Qxd6 37. Rxc5 Bc6 38. Qc3 Qd1+ 39. Kh2 Bxg2 40. Kxg2 1/2-1/2

[Event "54th Capablanca Memorial 2019"]
[Site "Havana"]
[Date "2019.05.13"]
[Round "10.1"]
[White "Anton Guijarro, David"]
[Black "Albornoz Cabrera, Carlos Daniel"]
[Result "1/2-1/2"]
[WhiteElo "2667"]
[BlackElo "2566"]
[Annotator "TA"]
[PlyCount "157"]
[EventDate "2019.05.03"]
[EventType "tourn"]
[EventCountry "CUB"]
[SourceTitle "playchess.com"]
[Source "ChessBase"]
[SourceQuality "1"]

{[%evp 11,157,11,22,10,18,13,26,0,7,16,39,32,24,23,42,31,47,37,47,43,37,29,70,65,67,54,86,55,112,85,97,60,114,114,114,112,120,122,112,119,115,113,119,121,119,116,156,145,210,158,168,163,165,133,153,92,92,93,116,116,107,108,156,155,153,149,148,139,157,146,152,152,152,139,139,139,152,152,152,152,152,145,226,220,219,152,204,139,152,152,137,115,118,80,80,80,87,87,87,87,87,87,88,90,95,87,87,97,96,51,61,57,64,64,53,64,64,21,64,8,212,212,272,272,271,145,152,152,568,553,459,0,0,0,104,0,8,8,8,8,8,8,8,8,8,0,8,0]} 1. c4 Nf6 2. Nc3 e6 3. e4 c5 4. e5 Ng8 5. d4 cxd4 6. Qxd4 Nc6 7. Qe4 {A19: English Opening: Flohr-Mikenas System with 3...c5} f6 (7... d6 8. Nf3 dxe5 9. Nxe5 Bd7 10. Nxd7 Qxd7 11. Bf4 Nf6 12. Qe3 Bd6 13. O-O-O Bxf4 14. Qxf4 Qe7 15. Be2 O-O 16. Qd6 Qxd6 17. Rxd6 Rfd8 18. Rxd8+ Rxd8 {1-0 (49) Grandelius,N (2646)-Svane,R (2587) Batumi 2018}) 8. Nf3 fxe5 9. Nxe5 {White has an edge.} Nf6 10. Qe3 $146 ({Predecessor:} 10. Nxc6 bxc6 11. Qh4 Be7 12. Bd3 O-O 13. O-O d5 14. Be3 Rb8 {½-½ (22) Schubert,W (2010)-Usbeck,K (1874) GER email 2013}) 10... Qa5 11. Nxc6 bxc6 12. Bd3 Bd6 13. h3 Ba6 14. O-O Qe5 15. Qxe5 Bxe5 16. Re1 Bd4 17. Be3 Bxe3 18. Rxe3 Kf7 19. g4 d6 (19... g5 $14) 20. Rf3 h6 21. Ne4 Rad8 (21... Ke7 $14) 22. g5 $16 hxg5 23. Nxg5+ Ke7 24. Re1 $36 {[%mdl 2048] Keeping Black busy.} e5 {[#]} 25. c5 $1 {[%mdl 512]} Bxd3 (25... dxc5 26. Bxa6) 26. Rxd3 {Threatens to win with cxd6+.} Nd5 27. cxd6+ Rxd6 28. Rxe5+ Kd7 29. Ra3 {And now Nf7 would win.} Rg6 (29... Ra8 $16 {was necessary.} 30. Ne4 Rg6+ 31. Kf1 Kc7) 30. Kh2 (30. Rxa7+ $6 Kd6 $16) 30... Ra8 31. Ne4 a5 32. Rf3 Kc7 33. Nc3 ({White should try} 33. Rg3 Rxg3 34. Kxg3 (34. fxg3 Kb6 $16)) 33... Nxc3 34. Rxc3 {[%mdl 4096] Endgame KRR-KRR} Rb8 35. Rc2 (35. Rxa5 $6 Rxb2 36. Rf3 Rc2 $14) 35... Kb6 36. Re3 Rf8 37. Rb3+ Kc7 38. Rg3 Rxg3 39. Kxg3 {KR-KR} Kd6 40. Kg4 Ke7 41. f4 Rb8 42. Kg5 Kf7 43. Kf5 Rb4 44. Ke5 ({Reject} 44. Rxc6 $6 Rb5+ 45. Ke4 Rxb2 $11) 44... Ke7 45. a3 ({Don't play} 45. Rxc6 $6 Rxb2 46. a3 Rb3 $11) 45... Rb5+ 46. Kd4 Rd5+ (46... a4 $16 47. Rxc6 Rxb2) 47. Ke4 $18 Rb5 48. h4 Kf7 (48... Rb6 $16 {was called for.} 49. Kf5 Kf7) 49. Kf3 Rb3+ 50. Kg4 $1 Rb6 51. Rd2 Kf6 52. h5 a4 53. Rc2 Kf7 54. Kg5 Rb5+ 55. Kh4 Rb6 56. Kg4 Ke7 57. Kf5 Kf7 58. Ke5 Ke7 59. Kd4 Rb5 60. Rxc6 {aiming for h6.} Rxb2 61. Ra6 Rb5 62. Rxa4 Rxh5 63. Ra7+ Kf6 64. Ra6+ Kf7 65. a4 (65. Ke4 $14) 65... Rf5 $2 (65... g5 $1 $11 {and Black has nothing to worry.}) 66. Ke4 Rc5 67. a5 $1 {[%cal Ba4a5,Ba5a6][%mdl 32]} Rb5 {[#]} 68. Ra7+ (68. f5 $1 $18) 68... Kf6 $16 {[#]} 69. Ra8 $1 {Hoping for a6.} Kf7 $2 (69... Rb4+ $16 {is a better chance.} 70. Ke3 Kf5) 70. a6 $18 Ra5 71. f5 $2 ({Only move:} 71. Kd4 $18) 71... Kf6 $11 72. a7 Kf7 (72... Ra4+ $11 73. Kd5 Kf7) 73. f6 (73. Kd4 $16) 73... Ra1 {The position is equal.} 74. Kd5 Rd1+ 75. Kc4 Rc1+ 76. Kb3 {White threatens fxg7 and mate.} Ra1 77. Kb2 Ra6 78. Kb3 Ra1 79. Kb2 {Accuracy: White = 64%, Black = 61%.} 1/2-1/2

[Event "54th Capablanca Memorial 2019"]
[Site "Havana"]
[Date "2019.05.13"]
[Round "10.2"]
[White "Gonzalez Vidal, Yuri"]
[Black "Sevian, Samuel"]
[Result "0-1"]
[WhiteElo "2567"]
[BlackElo "2666"]
[Annotator "TA"]
[PlyCount "84"]
[EventDate "2019.05.03"]
[EventType "tourn"]
[EventCountry "CUB"]
[SourceTitle "playchess.com"]
[Source "ChessBase"]
[SourceQuality "1"]

{[%evp 22,84,11,16,15,3,9,0,10,0,0,0,4,0,29,15,20,10,14,0,0,0,0,0,0,0,0,0,0,0,0,0,0,0,0,0,0,-8,-10,-2,0,0,0,-8,-8,-8,-9,-9,-9,-18,0,0,0,-200,-200,-193,-173,-701,-693,-689,-686,-672,-664,-663,-663]} 1. e4 e5 2. Nf3 Nc6 3. Nc3 Nf6 4. d4 exd4 5. Nxd4 Bb4 6. Nxc6 bxc6 7. Bd3 O-O 8. O-O Re8 9. Bg5 h6 10. Bh4 g5 11. Bg3 Bxc3 12. bxc3 {aiming for e5.} Nxe4 {C47: Scotch Four Knights and Four Knights with 4 g3} 13. Qh5 {Threatening f4.} d6 $1 {[#]} 14. Qxh6 $146 ({Predecessor:} 14. Rae1 Bf5 15. Qxh6 Re6 16. Qh5 Qf6 17. Bxe4 Bxe4 18. h4 gxh4 19. Qg4+ Qg7 20. Qxh4 {0-1 (56) Tari,A (2620)-Aronian,L (2765) St Petersburg 2018}) 14... Bf5 {The position is equal.} 15. f4 {With the idea fxg5.} Re6 16. Qh5 Qf6 17. Rae1 Bg6 18. Qf3 {[%cal Rd3e4]} Qf5 19. fxg5 {Black must now prevent Bxe4.} Qxf3 $1 20. gxf3 Nxg5 21. f4 Rxe1 22. Bxe1 Bxd3 23. cxd3 $11 {[%mdl 4096] Endgame KRB-KRN} Ne6 24. f5 Nc5 25. Rf3 Rb8 26. Bh4 Rb1+ 27. Kf2 Rb2+ 28. Kg1 Rd2 29. Be7 Rxd3 30. Rf4 Rh3 31. Kg2 Rh5 ({But not} 31... Rxc3 $2 32. Rg4+ Kh7 33. Bf6 $18) 32. Bd8 d5 33. Bxc7 Ne4 34. c4 Rg5+ 35. Kh3 f6 36. cxd5 cxd5 37. Bb8 $2 (37. Rf1 $11 {and White stays safe.}) 37... Rg7 $1 $19 38. Rf1 {[#]} d4 $1 {[%cal Bd5d4,Bd4d3,Bd3d2][%mdl 32]} 39. Rc1 $2 (39. Bf4) 39... d3 {Black is clearly winning.} 40. Rc8+ Kh7 41. Rd8 d2 42. Kh4 {[#]} Rg1 $1 {Accuracy: White = 58%, Black = 86%.} 0-1

[Event "54th Capablanca Memorial 2019"]
[Site "Havana"]
[Date "2019.05.13"]
[Round "10.3"]
[White "Ivanchuk, Vassily"]
[Black "Adhiban, B.."]
[Result "1-0"]
[WhiteElo "2677"]
[BlackElo "2701"]
[Annotator "TA"]
[PlyCount "73"]
[EventDate "2019.05.03"]
[EventType "tourn"]
[EventCountry "CUB"]
[SourceTitle "playchess.com"]
[Source "ChessBase"]
[SourceQuality "1"]

{[%evp 9,73,37,37,37,41,41,47,51,51,36,59,63,45,39,40,13,29,12,11,0,47,2,66,77,81,69,95,111,102,56,53,-19,-13,-32,-30,-41,0,0,0,0,0,0,30,23,73,9,8,10,324,332,307,303,329,353,415,345,520,514,511,503,517,516,489,445,441,441]} 1. d4 d6 2. e4 g6 3. c4 Bg7 4. Nc3 c5 5. Nge2 (5. d5 a6 6. f4 e6 7. dxe6 fxe6 8. Nf3 Nc6 9. Be3 Nh6 10. Qd2 Nf7 11. O-O-O Qa5 12. Kb1 Bxc3 13. bxc3 Bd7 {1-0 (38) Ivanchuk,V (2726)-Malakhov,V (2686) Riadh 2017}) 5... Nc6 {[%cal Rc5d4]} 6. d5 {A42: Modern Defence: Averbakh Variation} Na5 7. Rb1 $146 ({Predecessor:} 7. Bd2 a6 8. Ng3 Bd7 9. Qc2 h5 10. Be2 e6 11. Nf1 exd5 12. cxd5 b5 13. Ne3 Nf6 14. O-O O-O 15. f3 b4 16. Ncd1 Bb5 {½-½ (16) Khairullin,I (2617)-Almeida Quintana,O (2541) Havana 2010}) 7... Nf6 8. Ng3 {White is slightly better.} O-O 9. Be2 e6 10. O-O exd5 11. cxd5 a6 12. b4 Nd7 13. Qd2 $36 {[%mdl 2048] White is more active.} cxb4 14. Nd1 h5 15. Bxh5 Nc4 (15... gxh5 $11 16. Nxh5 Bh8) 16. Qxb4 $14 b5 {[%cal Bb7b5,Bb5c4,Bc4c3,Bc3c2][%mdl 32]} 17. Be2 Nc5 18. Bxc4 bxc4 19. Bb2 {And now Bxg7 would win.} ({But not} 19. Qxc4 $6 Bd7 $11) 19... Nd3 $1 {[%cal Rd3b4]} 20. Qa3 (20. Qxc4 $14 Nxb2 21. Nxb2) 20... Nxb2 $11 21. Nxb2 c3 $1 {[%cal Rc3b2]} 22. Nc4 {[%cal Bb2c4,Bc4a5,Ba5c6,Bc6a7][%mdl 32]} Qc7 (22... a5 $5 {[%cal Rc8a6]} 23. Nxd6 Ba6 $17) 23. Na5 Rb8 24. Rxb8 Qxb8 25. Nc6 Qb5 26. Qxd6 c2 {Threatens to win with ...Qxf1+!} 27. Qc7 ({Better is} 27. Ne7+ $16 Kh7 28. Qc7) 27... Bf6 $1 ({Avoid the trap} 27... Qxf1+ $2 28. Nxf1 Bd7 29. Ne7+ Kh7 30. Qxc2 $18) 28. Na7 Qb7 $2 {[%mdl 8192] [#]} (28... Qd7 $11 29. Qc5 Be7) 29. Qxb7 $1 $18 Bxb7 {[#]} 30. Rc1 $1 Bg5 31. Rxc2 f5 32. Rc7 Ba8 (32... Rb8 $142 33. Nc6 Bxc6 34. Rxc6 Rb1+ 35. Nf1 Kf7 36. exf5 gxf5 37. Rxa6 f4) 33. Nc6 {White is clearly winning.} Bf4 34. Ra7 Bxc6 35. dxc6 Re8 36. Rxa6 fxe4 37. Ra4 {Accuracy: White = 51%, Black = 42%.} 1-0